| 000 | 00953nam a2200121Ia 4500 | ||
|---|---|---|---|
| 008 | 220620s9999||||xx |||||||||||||| ||und|| | ||
| 100 | _aReis, Rui L.||Oliveira, Joaquim Miguel | ||
| 245 | 0 | _aTissue Engineering and Regenerative Nanomedicine | |
| 546 | _aEnglish[eng] | ||
| 650 | _aantibacterial activity||tissue engineering||biomaterials fabrication||regeneration||Gadolinium chelate||MRI||cell sheet||drug delivery||magnetic nanoparticles||graphene||silk fibroin||titania nanotubes||biointegration||anodic oxidation||protein||nanotechnology||bone regeneration||osteoclastogenesis||dental stem cells||mimetic peptide||epithelial-mesenchymal interactions||cornea endothelial cells||wound healing||antibacterial properties||nanomaterials||medicine||RANK-RANKL-OPG||nanofibers||odontogenic cells||lysophosphatidic acid||photocatalytic activity||dental enamel regeneration||dental implant | ||
| 856 | _uhttps://mdpi.com/books/pdfview/book/1785 | ||
| 942 | _cEB | ||
| 999 |
_c26225 _d26225 |
||